Music Quiz

Random Music or Numbers Quiz

Most #1 Singles Quiz Stats

 Plays Quiz Updated Sep 27, 2018

Score 0/29 Timer 05:00
2 Plays Today
Artist % Correct
The Beatles
92.7%
The Beatles
92.7%
Michael Jackson
69%
Elvis Presley
66.9%
Elvis Presley
66.9%
The Rolling Stones
66.2%
The Rolling Stones
66.2%
Madonna
62.4%
Madonna
62.4%
Mariah Carey
46.7%
Elton John
39.9%
Elton John
39.9%
Rihanna
34%
Whitney Houston
29.2%
Katy Perry
27.8%
Artist % Correct
Spice Girls
24.8%
Janet Jackson
23.2%
Oasis
18.5%
George Michael
16.6%
Take That
16%
Westlife
14.9%
ABBA
14.9%
Stevie Wonder
12.7%
Bee Gees
12.6%
Cliff Richard
12.5%
The Supremes
10.5%
Usher
9.8%
McFly
3.7%
The Shadows
0.6%

You're not logged in!

Compare scores with friends on all Sporcle quizzes.
OR
Log In

Sporcle TV

Today on Sporcle TV


Watch our educational content, quiz creation guides, and fun videos on Sporcle TV.

Show Comments

Extras

Top Quizzes Today


Score Distribution

Your Account Isn't Verified!

In order to create a playlist on Sporcle, you need to verify the email address you used during registration. Go to your Sporcle Settings to finish the process.

Report this User

Report this user for behavior that violates our Community Guidelines.

Details: